000 00669nam a2200205 i 4500
001 112447
003 ES-MaACL
005 20231204174231.0
007 t|
008 061121s1956 sp r ||||1| spa d
080 _a07(460.27 M.) Imparcial
100 1 _aOrtega y Gasset, Manuel,
_dm. 1965
_9164717
245 1 3 _aEl Imparcial :
_bbiografía de un gran periódico español /
_cManuel Ortega y Gasset ; prólogo de Juan Pujol.
260 _aZaragoza :
_bLibrería General,
_c1956.
300 _a262 p., 4 lám. ;
_c22 cm.
630 3 4 _aEl imparcial.
_9135288
700 1 _aPujol, Juan,
_d1883-1967
_994340
852 4 _aES-MaACL
_jC-11307
999 _c112447
_d112447